|
|
|
|
| LEADER |
02142nam a2200601 i 4500 |
| 001 |
nkc20203238879 |
| 003 |
CZ PrNK |
| 005 |
20260504121528.0 |
| 007 |
ta |
| 008 |
200717s2020 xr a e f 001 0 cze |
| 015 |
|
|
|a cnb003238879
|
| 020 |
|
|
|a 978-80-7406-403-6
|q (brožováno)
|
| 035 |
|
|
|a (OCoLC)1200257314
|
| 040 |
|
|
|a OLA001
|b cze
|e rda
|
| 041 |
1 |
|
|a cze
|h eng
|
| 072 |
|
7 |
|a 615.8
|x Fyzioterapie. Psychoterapie. Alternativní lékařství
|2 Konspekt
|9 14
|
| 080 |
|
|
|a 159.913
|2 MRF
|
| 080 |
|
|
|a 613.86
|2 MRF
|
| 080 |
|
|
|a 159.923.5
|2 MRF
|
| 080 |
|
|
|a 613
|2 MRF
|
| 080 |
|
|
|a 615.8
|2 MRF
|
| 080 |
|
|
|a (035)
|2 MRF
|
| 130 |
0 |
|
|a Stay calm stay healthy.
|l Česky
|
| 245 |
1 |
0 |
|a Zachovej klid, zůstaneš fit :
|b na cestě ke zdraví /
|c z anglického originálu Stay calm stay healthy přeložili Hana a Ivan Kušiakovi
|
| 250 |
|
|
|a Vydání druhé, přepracované
|
| 264 |
|
1 |
|a Praha :
|b Tarsago Česká republika,
|c 2020
|
| 300 |
|
|
|a 144 stran :
|b barevné ilustrace ;
|c 26 cm
|
| 336 |
|
|
|a text
|b txt
|2 rdacontent
|
| 337 |
|
|
|a bez média
|b n
|2 rdamedia
|
| 338 |
|
|
|a svazek
|b nc
|2 rdacarrier
|
| 490 |
1 |
|
|a Reader's Digest ;
|v 383.
|
| 500 |
|
|
|a Terminologický slovník
|
| 500 |
|
|
|a Obsahuje rejstřík
|
| 650 |
0 |
7 |
|a stres (psychologie)
|7 ph116294
|2 czenas
|
| 650 |
0 |
7 |
|a zvládání stresu
|7 ph135858
|2 czenas
|
| 650 |
0 |
7 |
|a sebevýchova
|7 ph125456
|2 czenas
|
| 650 |
0 |
7 |
|a zdravý životní styl
|7 ph127592
|2 czenas
|
| 650 |
0 |
7 |
|a alternativní terapie
|7 ph137043
|2 czenas
|
| 650 |
0 |
9 |
|a stress (psychology)
|2 eczenas
|
| 650 |
0 |
9 |
|a stress management
|2 eczenas
|
| 650 |
0 |
9 |
|a self-culture
|2 eczenas
|
| 650 |
0 |
9 |
|a healthy lifestyle
|2 eczenas
|
| 650 |
0 |
9 |
|a alternative therapy
|2 eczenas
|
| 655 |
|
7 |
|a příručky
|7 fd133209
|2 czenas
|
| 655 |
|
9 |
|a handbooks and manuals
|2 eczenas
|
| 700 |
1 |
|
|a Kušiaková Pafková, Hana,
|d 1970-
|7 xx0042570
|4 trl
|
| 700 |
1 |
|
|a Kušiak, Ivan
|7 pna2007383920
|4 trl
|
| 830 |
|
0 |
|a Reader's Digest
|0 s
|
| 910 |
2 |
|
|a BOA001
|b 3-1449.793
|
| 990 |
|
|
|a BK
|
| 995 |
|
|
|a 01
|
| 991 |
|
|
|b 202007
|c NOV
|
| 996 |
6 |
|
|b 2610830934
|c 3-1449.793
|l MZK
|r Sklad / do 1 hodiny
|n 1
|p p.v.
|w 001814910
|u 000010
|a 1
|e BOA001
|j MZK50
|s P
|